| 000 | 00464nam a2200193Ia 4500 | ||
|---|---|---|---|
| 008 | 210210b2005 xxu||||| |||| 00| 0 eng d | ||
| 020 | _a1840138068 | ||
| 041 | _aeng | ||
| 082 | _a150 GILI | ||
| 100 | _aGILES (Bridget) Ed | ||
| 245 |
_aIntroducing psychology _bSocial psychology |
||
| 260 |
_aKent _bNot Mentioned _c2005 |
||
| 300 | _a192 | ||
| 650 | _aSocial | ||
| 650 | _apsychology | ||
| 650 | _aIntroducing | ||
| 690 | _aPsychology | ||
| 906 | _a062039 | ||
| 999 |
_c116722 _d116722 |
||